Hodnotenie koncentrácie odvetví: teoretické prístupy a zákonné nástroje

Podstata a formy koncentrácie. Charakter konkurenčnej štruktúry odvetvia. Koncentrácia ako stav . Koncentrácia ako proces. Historický exkurz do zákonného rámca koncentrácie. Nástroje hodnotenia koncentrácie.

Guardado en:
Detalles Bibliográficos
Autor principal: Mihalčová, Bohuslava, 1963-
Otros Autores: Hintošová, Aneta, 1979-
Formato: Capítulo de libro
Lenguaje:eslovaco
Materias:
Etiquetas: Agregar Etiqueta
Sin Etiquetas, Sea el primero en etiquetar este registro!

MARC

LEADER 00000naa$a2200000$$$4500
001 0023067
005 20240502071416.4
041 0 |a slo 
044 |a SK 
245 1 0 |a Hodnotenie koncentrácie odvetví: teoretické prístupy a zákonné nástroje  |c Bohuslava Mihalčová, Aneta Hintošová 
520 |a Podstata a formy koncentrácie. Charakter konkurenčnej štruktúry odvetvia. Koncentrácia ako stav . Koncentrácia ako proces. Historický exkurz do zákonného rámca koncentrácie. Nástroje hodnotenia koncentrácie. 
610 2 0 |a koncentrácia 
610 2 0 |a odvetvia činnosti ekonomickej 
610 2 0 |a trh 
610 2 0 |a politika protimonopolná 
610 2 0 |a regulácia trhu 
610 2 0 |a súťaž hospodárska 
610 2 0 |a história 
610 2 0 |a náklady transakčné 
610 2 0 |a fúzie 
100 1 |a Mihalčová, Bohuslava, 1963- 
700 1 |a Hintošová, Aneta, 1979-